书目信息 |
| 题名: |
全国铁路旅客列车时刻表
|
|
| 作者: | ;铁道部运输局 供稿 | |
| 分册: | 2009 | |
| 出版信息: | 北京 中国铁道出版社 2008.12 |
|
| 页数: | 284页 | |
| 开本: | 14cm | |
| 丛书名: | ||
| 单 册: | ||
| 中图分类: | U293.1 | |
| 科图分类: | ||
| 主题词: | 铁路运输--旅客运输--列车时刻表--中国 | |
| 电子资源: | ||
| ISBN: | 978-7-113-09265-8 | |
| 000 | 01094nam0 2200217 450 | |
| 001 | 0011133487 | |
| 005 | 20100804175712.26 | |
| 010 | @a978-7-113-09265-8@dCNY7.00 | |
| 100 | @a20100515d2008 em y0chiy0110 ea | |
| 101 | 0 | @achi |
| 102 | @aCN@b110000 | |
| 105 | @ay z 000yy | |
| 200 | 1 | @a全国铁路旅客列车时刻表@Aquan guo tie lu lu ke lie che shi ke biao@h2009@f铁道部运输局供稿 |
| 210 | @a北京@c中国铁道出版社@d2008.12 | |
| 215 | @a284页@d14cm | |
| 330 | @a本书收录中国大陆地区国有铁路范围内开行的图定(非临时)旅客快车的运行时刻信息和参考票价信息,并提供车次目录和大站时刻表等检索方式。通过总目录,您可以直观地了解本时刻表的主要内容,并可以通 过其中的序号和页码,快速、方便、直观地查阅。通过车次目录,您可以查阅所有列车的车次、运行区段、开车时刻、终到时刻、旅行时间、全程票价等相关信息。通过大站时刻表,您可以按照英文字母升序的顺序,快速查阅全国所有直辖市和省会城市客运站所开行列车的开车时刻和终到时刻。 | |
| 606 | 0 | @a铁路运输@x旅客运输@x列车时刻表@y中国 |
| 690 | @aU293.1@v4 | |
| 711 | 02 | @a铁道部运输局@Atie dao bu yun shu ju@4供稿 |
| 801 | 0 | @aCN@c20100515 |
| 905 | @dU293.1@eT740@f5 | |
| 全国铁路旅客列车时刻表.2009/铁道部运输局供稿.-北京:中国铁道出版社,2008.12 |
| 284页;14cm |
| ISBN 978-7-113-09265-8:CNY7.00 |
| 本书收录中国大陆地区国有铁路范围内开行的图定(非临时)旅客快车的运行时刻信息和参考票价信息,并提供车次目录和大站时刻表等检索方式。通过总目录,您可以直观地了解本时刻表的主要内容,并可以通 过其中的序号和页码,快速、方便、直观地查阅。通过车次目录,您可以查阅所有列车的车次、运行区段、开车时刻、终到时刻、旅行时间、全程票价等相关信息。通过大站时刻表,您可以按照英文字母升序的顺序,快速查阅全国所有直辖市和省会城市客运站所开行列车的开车时刻和终到时刻。 |
| ● |
| 相关链接 |
|
|
|
正题名:全国铁路旅客列车时刻表
索取号:U293.1/T740
 
预约/预借
| 序号 | 登录号 | 条形码 | 馆藏地/架位号 | 状态 | 备注 |
| 1 | 995861 | 209958615 | 自科库501/501自科库 50排4列2层/ [索取号:U293.1/T740] | 在馆 | |
| 2 | 995862 | 209958624 | 自科库501/501自科库 50排4列2层/ [索取号:U293.1/T740] | 在馆 | |
| 3 | 995863 | 209958633 | 自科库501/501自科库 50排4列2层/ [索取号:U293.1/T740] | 在馆 | |
| 4 | 995864 | 209958642 | 自科库501/501自科库 50排4列2层/ [索取号:U293.1/T740] | 在馆 | |
| 5 | 995865 | 209958651 | 自科库501/501自科库 50排4列2层/ [索取号:U293.1/T740] | 在馆 |